| 000 | 00665nam a2200217 a 4500 | ||
|---|---|---|---|
| 005 | 20250116063830.0 | ||
| 008 | 991125s1980 es 000 0 spa u | ||
| 020 | _a8432003689 | ||
| 035 | _aUPN01000018280 | ||
| 049 | _aCG | ||
| 050 | 4 |
_aLB1105 _bP3.2 no.48 |
|
| 100 | 1 | _aCapelle, Jean | |
| 245 | 1 | 0 |
_aEducación y política / _cJean Capelle ; tr. Josefina Guerrero. |
| 260 |
_aBarcelona, Esp. : _bPlaneta, _c1980. |
||
| 300 | _a247 p. | ||
| 440 | 0 |
_aPaideia. _pBiblioteca práctica de pedagogía psicología y psicopatología de la infancia ; _v48 |
|
| 650 | 4 |
_aEducación _9682 |
|
| 650 | 4 |
_aEducación y Estado _919 |
|
| 905 | _aLibro | ||
| 999 |
_c18280 _d18280 |
||